Pensamiento y lenguaje

Guardado en:
書目詳細資料
其他作者: Gorski, D.P
格式: 未知
語言:Spanish
出版: Montevideo, Uruguay Pueblos Unidos 1959
主題:
標簽: 添加標簽
沒有標簽, 成為第一個標記此記錄!

MARC

LEADER 000000000a22000000004500
001 000081
008 140516s1959 uy |||f |||| 000 0 spa d
020 |a 9700502708 
041 0 |a español 
082 |a 400 P418p 
245 1 0 |a Pensamiento y lenguaje  |c obra publicada bajo la dirección de D.P. Gorski 
260 |a Montevideo, Uruguay  |b Pueblos Unidos  |c 1959 
300 |a 518 páginas 
500 |a Número de inscripción 12981 
650 4 |a LENGUAJE Y LENGUA 
650 4 |a PENSAMIENTO 
700 1 2 |a Gorski, D.P.  |j dirección 
942 |2 ddc  |c BK 
999 |c 971  |d 971